Fr. Conceicao Rodrigues College of Engineering

Resource Directory (Record no. 25476)

MARC details
000 -LEADER
fixed length control field 00337nam a2200157Ia 4500
082 ## - DEWEY DECIMAL CLASSIFICATION NUMBER
Classification number 384.545
Item number 5029/RE
100 ## - MAIN ENTRY--PERSONAL NAME
Personal name Echelon
245 ## - TITLE STATEMENT
Title Resource Directory
260 ## - PUBLICATION, DISTRIBUTION, ETC.
Name of publisher, distributor, etc. Lonwork Co
Place of publication, distribution, etc. India
Date of publication, distribution, etc. 1995
300 ## - PHYSICAL DESCRIPTION
Extent 192
546 ## - LANGUAGE NOTE
Language note ENGLISH
650 ## - SUBJECT ADDED ENTRY--TOPICAL TERM
Topical term or geographic name entry element Electrical Engineering
654 ## - SUBJECT ADDED ENTRY--FACETED TOPICAL TERMS
Focus term Engineering
942 ## - ADDED ENTRY ELEMENTS (KOHA)
Koha item type Reference Book
Holdings
Withdrawn status Lost status Damaged status Not for loan Collection Home library Current library Shelving location Date acquired Total Checkouts Full call number Barcode Date last seen Price effective from Koha item type
        CRC Fr. Agnel's C.Rodrigues College of Engineering Fr. Agnel's C.Rodrigues College of Engineering   17/03/2023   384.545 5029/RE 9468 17/03/2023 17/03/2023 Reference Book